| 000 | 01088nam a22002417a 4500 | ||
|---|---|---|---|
| 001 | 71052 | ||
| 003 | BD-RjUL | ||
| 005 | 20211209082055.0 | ||
| 008 | 170424s1970 bg a|||| |||| 00| 0 ben d | ||
| 020 | _c TK. : 4.00 | ||
| 035 | _a(BD-RjUL)71266 | ||
| 040 |
_aBD-RjUL _bben _cBD-RjUL |
||
| 041 | _aben | ||
| 082 |
_223 _a331.3092 _bDEP 1970 |
||
| 100 | 1 |
_aদেওয়ান, কামিনী মোহন _9210217 |
|
| 245 | 1 | 0 |
_aপার্ব্বত্য চট্টলের এক দীন সেবকের জীবন কাহিনী / _cকামিনী মোহন দেওয়ান |
| 260 |
_aপার্ব্বত্য চট্টগ্রাম _bদেওয়ান ব্রার্দাস এণ্ড কোং, _c১৯৭০ |
||
| 300 |
_a৩৯৪ পৃ _bচিত্র _c২২ সেমি |
||
| 600 |
_aদেওয়ান, কামিনী মোহন _d১৮৯০- _xজীবনী _9210221 |
||
| 600 |
_aDewan, Kamini Mohan _c1890- _xBiography _9210222 |
||
| 650 |
_aSocial workers _xBiography _9210220 |
||
| 942 |
_2ddc _cBK |
||
| 999 |
_c71052 _d71052 |
||